Introduction to environmental engineering /

Guardat en:
Dades bibliogràfiques
Autor principal: Davis, Mackenzie L. 1941-
Format: Llibre
Idioma:English
Publicat: Boston, Mass. : WCB McGraw-Hill, 1998.
Edició:3rd ed.
Matèries:
Etiquetes: Afegir etiqueta
Sense etiquetes, Sigues el primer a etiquetar aquest registre!
Thư viện lưu trữ: Mạng thư viện Đại học Đà Nẵng
LEADER 00880cam a2200325 i 4500
001 000046243
003 5702
005 20030317144659.0
008 010220|1998 vm 000 eng
020 |a 0070159181 
040 |a IRC  |c IRC  |d IRC 
041 0 |a eng 
082 1 4 |a 628  |b DA-M 
100 1 |a Davis, Mackenzie L.  |q (Mackenzie Leo),  |d 1941- 
245 0 0 |a Introduction to environmental engineering /  |c Mackenzie L. (Mackenzie Leo) Davis. 
250 |a 3rd ed. 
260 |a Boston, Mass. :  |b WCB McGraw-Hill,  |c 1998. 
300 |a xvi, 919p. :  |b ill. 
630 0 4 |a Environmental engineering. 
650 0 4 |a Environmental engineering. 
OWN |a DUT 
999 |a From the UDN01 
TYP |a Monograph 
TYP |a Printed language 
980 |a Mạng thư viện Đại học Đà Nẵng